Советско-германский договор о ненападении

RUSMARC
00003653cbm0a2200253#x 450
00122f5b5de-8213-49ba-ad47-c4ccf4f15090
00520200413135044.0
100##$a20200330j19390823k###0rusy50 ca
1010#$arus
$ager
102##$aRU
1220#$ad19390823##
2001#$aСоветско-германский договор о ненападении
$j23 августа 1939 г.
251##$cДокумент
461#0$12001
$aФ. 3а
$1251
$cФонд
$1852
$j
462#0$12001
$aОп. 1. П. 18
$1251
$cОпись
$1852
$j1. П. 18
462#0$12001
$aД. 243
$vЛ. 1-5
$1251
$cДело
$1852
$j243
605##$2prlib_sh
$3LIBNET\UAF\0000088514
$aПравда о Второй мировой войне (Комплекс оцифрованных архивных документов, кино- и фотоматериалов)
$lколлекция
617##$2prlib_sh
$aСССР
$f1939
617##$2prlib_sh
$aГермания
$f1939
801#0$aRU
$bПБ им. Б.Н. Ельцина
$c20200330
801#1$aRU
$bПБ им. Б.Н. Ельцина
$c20200330
$2rusmarc
801#2$aRU
$bПБ им. Б.Н. Ельцина
$c20200413
$2rusmarc
850##$aАрхив внешней политики Российской Федерации
852##$aАВП РФ
$jЛ. 1-5
035##$aLIBNET\0001067571
937##$d144014361
$hАрхив внешней политики Российской Федерации
8564#$uhttp://readingroom.main.prlib.ru/item.aspx?id_node=n144014361&mode=full
Формат отображения